Социология: учебник

Podrobná bibliografie
Hlavní autor: Добреньков В. И. Владимир Иванович
Další autoři: Кравченко А. И. Альберт Иванович
Shrnutí:Исключено из фонда НТБ ТПУ
Jazyk:ruština
Vydáno: Москва, Инфра-М, 2001
Edice:Высшее образование
Médium: MixedMaterials Kniha
KOHA link:https://koha.lib.tpu.ru/cgi-bin/koha/opac-detail.pl?biblionumber=30911

MARC

LEADER 00000nam0a2200000 4500
001 30911
005 20231030204209.0
010 |a 5160007377 
035 |a (RuTPU)RU\TPU\book\31187 
035 |a BOOK00000008 
090 |a 30911 
100 |a 20011209d2001 m y0rusy50 ca 
101 0 |a rus 
102 |a RU 
105 |a y j 001zy 
200 1 |a Социология  |e учебник  |f В. И. Добреньков, А. И. Кравченко 
210 |a Москва  |c Инфра-М  |d 2001 
215 |a 624 с. 
225 1 |a Высшее образование 
320 |a Библиогр.: с. 580-622. 
320 |a Крат. термин. словарь: с. 562-579. 
333 |a Исключено из фонда НТБ ТПУ 
686 |a С5я73  |v LBC/SL-A  |2 rubbk 
700 1 |a Добреньков  |b В. И.  |g Владимир Иванович 
701 1 |a Кравченко  |b А. И.  |g Альберт Иванович 
801 0 |a RU  |b 63413507  |c 20011209  |g PSBO 
801 2 |a RU  |b 63413507  |c 20230628  |g PSBO 
942 |c BK